Harry Potter Gryffindor Team - Statistics

General Stats
  • This quiz has been taken 76 times
  • The average score is 10 of 14
Answer Stats
Hint Answer % Correct
Seeker Harry Potter
99%
Seeker Harry Potter
99%
Keeper Oliver Wood
94%
Beater Fred Weasley
90%
Beater George Weasley
90%
Keeper Ron Weasley
90%
Chaser Angelina Johnson
85%
Chaser Ginny Weasley
85%
Chaser Katie Bell
84%
Chaser Alicia Spinnet
70%
Chaser Alicia Spinnet
70%
Chaser Demelza Robins
31%
Beater Jimmy Peakes
31%
Beater Ritchie Coote
24%
No matching quizzes found
Score Distribution
Percent of People with Each Score
Percentile by Number Answered
Your Score History
You have not taken this quiz